| 000 | 00653nam a22001697a 4500 | ||
|---|---|---|---|
| 003 | MACL | ||
| 005 | 20160719130840.0 | ||
| 008 | 160719b xxu||||| |||| 00| 0 eng d | ||
| 040 | _cMACL | ||
| 041 | _aHindi | ||
| 082 | _a741.642 | ||
| 100 |
_aगुप्ता, अरविन्द _949046 |
||
| 245 |
_aकम लागत, बिना लागत शिक्षण सहायक सामग्री _cअरविन्द गुप्ता |
||
| 260 |
_aनई दिल्ली _bनेशनल बुक ट्रस्ट _c2013 |
||
| 650 |
_aचिल्ड्रन बुक _9159 |
||
| 942 |
_2ddc _cHIN |
||
| 999 |
_c54438 _d54438 |
||